=LDR 00000nam 2200000 4500 =001 INLIS000000000011460 =005 20130612103024 =008 ***********************************Ind** =035 ##$$0010-061300000011460 =041 ##$$a Ind =082 ##$$a 333.7 =100 ##$$a Roosadijo, Marmim M =245 ##$$a Pencabbutan hak milik dalam Struktur tetep Bina kota LSVO-RUU pokok bina kata, Marmin M.RoooSadijo ,SH =260 ##$$a 1980 $b Bandung =300 ##$$a viii, 259 hlm., 21 cm =650 ##$$a Hak milik Tanah =850 ##$$a NBPNMAT